00382nam a2200121Ia 4500008004100000100002200041245005100063260001600114260000900130546001200139999001700151952009200168170619s9999 xx 000 0 und d aRamchandran- K.P. 0aMechatronics Integrated Mechanical Electronics bWiley-India c2011 aENGLISH c20567d20567 00102ddc4070a06b06d2011-12-03e3p06-B-54325r2017-07-03uEC / ENw2017-07-03y01